000 00802nam a22002177a 4500
999 _c58813
_d58813
005 20220919115045.0
008 220919s rus||||| |||| 00| 0 ru d
020 _a5947231824
041 _aru
080 _a159.9.01+130.122+165 C-60
100 _aСолсо, Роберт Л.
_914621
245 _aКогнитивная психология /
_cРоберт Л Солсо; [Гл. редактор Е. Строганова].
250 _a6-e издание
264 _aСанкт-Петербург :
_bПитер,
_c?.
300 _a419 стр.
_b30 см.
440 _aМастера психологии
_914623
653 _aფსიქოლოგია
653 _aпсихология
700 _aСтроганова, Е.
_eრედაქტორი
_914622
942 _2udc
_cBK